[Event "ODEM U25B 2012"]
[Site "Oberhof GER"]
[Date "2012.05.29"]
[Round "4"]
[White "Eggert, Daniela"]
[Black "Reuker, Ronja"]
[Result "1/2-1/2"]
[Termination "normal"]
[Board "37"]
[WhiteElo "927"]
[BlackElo "825"]
[PlyCount "113"]
[WhiteFideId "12991490"]
[BlackFideId "12947172"]
[EventCountry "GER"]
[EventRounds "9"]
[EventType "swiss"]
[EventDate "2012.05.26"]

1. e4 e5 2. Nf3 Nc6 3. Nc3 Nf6 4. d4 exd4 5. Nxd4 Bc5 6. Nxc6 dxc6 7. Qxd8+
Kxd8 8. Bg5 Be7 9. O-O-O+ Ke8 10. e5 Ng4 11. Be3 Nxe5 12. f4 Bg4 13. Rd2 Ng6
14. Bd3 Bb4 15. Bxg6 hxg6 16. Bd4 Bxc3 17. Bxc3 f6 18. Re1+ Kf8 19. Bb4+ Kg8
20. h3 Bf5 21. g4 a5 22. Bxa5 Rxa5 23. Rd8+ Kh7 24. Rxh8+ Kxh8 25. gxf5 Rxf5
26. Re4 g5 27. fxg5 Rf1+ 28. Kd2 f5 29. Re1 Rf2+ 30. Re2 Rf3 31. Re3 Rf2+ 32.
Kd1 Rf1+ 33. Re1 Rf3 34. Rh1 Rg3 35. h4 f4 36. Ke1 f3 37. Kf2 Rg4 38. Kxf3 Rb4
39. b3 c5 40. g6 Rb6 41. h5 Re6 42. Rd1 Rf6+ 43. Kg4 Rf8 44. Kg5 b5 45. h6
gxh6+ 46. Kxh6 Ra8 47. Rf1 Kg8 48. Rf7 c6 49. Rc7 c4 50. Rxc6 cxb3 51. axb3 Kf8
52. g7+ Kg8 53. Kg6 Rb8 54. c4 bxc4 55. Rxc4 Rd8 56. Rc6 Rd6+ 57. Rxd6 1/2-1/2

[Event "ODEM U25B 2012"]
[Site "Oberhof GER"]
[Date "2012.05.29"]
[Round "4"]
[White "Lohrmann, Linus"]
[Black "Gazizov, Erik"]
[Result "0-1"]
[Termination "normal"]
[Board "41"]
[WhiteElo "824"]
[BlackElo "747"]
[PlyCount "42"]
[WhiteFideId "12982857"]
[BlackFideId "12951358"]
[EventCountry "GER"]
[EventRounds "9"]
[EventType "swiss"]
[EventDate "2012.05.26"]

1. e4 d5 2. exd5 Qxd5 3. Nc3 Qa5 4. Bb5+ c6 5. Bc4 e6 6. d3 Qc7 7. Be3 Nf6 8.
Nf3 Bd6 9. O-O O-O 10. Qd2 Ng4 11. g3 h6 12. Bf4 Bxf4 13. gxf4 b5 14. Nd4 bxc4
15. dxc4 e5 16. h3 Qd7 17. hxg4 Qxg4+ 18. Kh2 Qh3+ 19. Kg1 Qg4+ 20. Kh1 exf4
21. Rg1 Qh3# 0-1

[Event "ODEM U25B 2012"]
[Site "Oberhof GER"]
[Date "2012.05.29"]
[Round "5"]
[White "Pappert, Florian"]
[Black "Wheeler, Sebastian"]
[Result "1-0"]
[Termination "normal"]
[Board "1"]
[WhiteElo "1461"]
[BlackElo "1658"]
[PlyCount "81"]
[BlackFideId "12923060"]
[EventCountry "GER"]
[EventRounds "9"]
[EventType "swiss"]
[EventDate "2012.05.26"]

1. e4 e5 2. Bc4 Nf6 3. d3 Nc6 4. Nc3 Bc5 5. f4 exf4 6. Bxf4 d6 7. Na4 Bb6 8.
Nxb6 axb6 9. a3 Nd4 10. h3 b5 11. Ba2 c5 12. Nf3 Nxf3+ 13. Qxf3 Be6 14. Bxe6
fxe6 15. e5 dxe5 16. Bxe5 Qd5 17. Qxd5 exd5 18. O-O O-O 19. Bd6 Rfc8 20. Rf5 b4
21. Be7 Ra6 22. Bxf6 gxf6 23. Rxd5 c4 24. dxc4 Rxc4 25. Rd8+ Kg7 26. Rd7+ Kg6
27. Rxb7 bxa3 28. Rxa3 Rxa3 29. bxa3 Rxc2 30. a4 Ra2 31. Ra7 h5 32. a5 f5 33.
h4 f4 34. Ra8 Kg7 35. Kf1 Kf7 36. a6 Kg7 37. a7 Kf7 38. Rh8 Kf6 39. a8=Q Rxa8
40. Rxa8 Kf5 41. Rg8 1-0

[Event "ODEM U25B 2012"]
[Site "Oberhof GER"]
[Date "2012.05.29"]
[Round "5"]
[White "Janke, Christopher"]
[Black "Naujoks, Max"]
[Result "1/2-1/2"]
[Termination "normal"]
[Board "2"]
[WhiteElo "1589"]
[BlackElo "1398"]
[PlyCount "134"]
[BlackFideId "12947318"]
[EventCountry "GER"]
[EventRounds "9"]
[EventType "swiss"]
[EventDate "2012.05.26"]

1. e4 g6 2. h4 Bg7 3. h5 e6 4. c3 b6 5. d4 h6 6. hxg6 fxg6 7. Ne2 d6 8. Ng3 Qf6
9. Be3 Bb7 10. Nd2 Nd7 11. Qc2 O-O-O 12. a4 h5 13. a5 Bh6 14. axb6 axb6 15. Ba6
Bxe3 16. fxe3 Qg5 17. Kf2 Ngf6 18. Nf3 Ng4+ 19. Ke1 Qxe3+ 20. Qe2 Bxa6 21. Rxa6
Qxe2+ 22. Kxe2 Kb7 23. Rha1 e5 24. Ra7+ Kc8 25. d5 Ndf6 26. Ng5 Kd7 27. Nf7 h4
28. Nxd8 Rxd8 29. Nh1 Nxe4 30. Kf3 Nef6 31. c4 g5 32. Nf2 Nxf2 33. Kxf2 Rf8 34.
Ra8 Ne8+ 35. Kg1 Rf4 36. Rf1 e4 37. Rxf4 gxf4 38. Kf2 Ke7 39. Ra7 Kd7 40. Ra1
Ng7 41. Re1 f3 42. Rxe4 fxg2 43. Rxh4 Nf5 44. Rh7+ Kc8 45. Rf7 Ne3 46. b3 Nf1
47. Rf3 Nd2 48. Rd3 Ne4+ 49. Kxg2 Nc5 50. Re3 Kb7 51. Kf3 Kc8 52. Kf4 Na6 53.
Kf5 Kb8 54. Ke6 Kc8 55. Ke7 Nc5 56. Rh3 Kb7 57. Kd8 Kb8 58. Rg3 Na6 59. Rg7 Kb7
60. b4 b5 61. cxb5 Nxb4 62. Rxc7+ Kb6 63. Rc6+ Kxb5 64. Kd7 Nxd5 65. Kxd6 Nb4
66. Rc1 Nd3 67. Rb1+ Kc4 1/2-1/2

[Event "ODEM U25B 2012"]
[Site "Oberhof GER"]
[Date "2012.05.29"]
[Round "5"]
[White "von Reppert, Marc"]
[Black "Fischer, Maxi"]
[Result "0-1"]
[Termination "normal"]
[Board "3"]
[WhiteElo "1468"]
[BlackElo "1418"]
[PlyCount "78"]
[WhiteFideId "12918130"]
[BlackFideId "24692395"]
[EventCountry "GER"]
[EventRounds "9"]
[EventType "swiss"]
[EventDate "2012.05.26"]

1. d4 d5 2. c4 c6 3. Nc3 Nf6 4. Nf3 e6 5. Bg5 dxc4 6. a4 h6 7. Bh4 Nbd7 8. e3
b6 9. Bxc4 Qc7 10. Bg3 Bd6 11. O-O Bb7 12. Qe2 a5 13. Rfd1 O-O 14. Rac1 Rfd8
15. e4 Bxg3 16. hxg3 e5 17. d5 Nc5 18. Nh4 Rd7 19. Nf5 Qd8 20. d6 g6 21. Nxh6+
Kg7 22. Ng4 Nxg4 23. Qxg4 Rxd6 24. Qf3 f6 25. Rxd6 Qxd6 26. Rd1 Qe7 27. Qe2 Ne6
28. Bxe6 Qxe6 29. Qd3 Bc8 30. Qd6 Kf7 31. Qc7+ Qe7 32. Qxc6 Rb8 33. Nb5 Be6 34.
Rd6 Rc8 35. Qxb6 Rc1+ 36. Kh2 Qf8 37. Qb7+ Kg8 38. Rd8 Qxd8 39. Qa6 Bc8 0-1

[Event "ODEM U25B 2012"]
[Site "Oberhof GER"]
[Date "2012.05.29"]
[Round "5"]
[White "Schmidt, Daniel"]
[Black "Dresig, Moritz"]
[Result "0-1"]
[Termination "normal"]
[Board "4"]
[WhiteElo "1419"]
[BlackElo "1711"]
[PlyCount "88"]
[WhiteFideId "12957950"]
[BlackFideId "1270307"]
[EventCountry "GER"]
[EventRounds "9"]
[EventType "swiss"]
[EventDate "2012.05.26"]

1. Nf3 Nf6 2. g3 g6 3. Bg2 Bg7 4. O-O O-O 5. c4 c6 6. d4 d5 7. b3 Ne4 8. Bb2
Be6 9. Nbd2 c5 10. cxd5 Bxd5 11. Nxe4 Bxe4 12. e3 Nc6 13. Ne5 Bxg2 14. Kxg2
Qd5+ 15. Qf3 Qxf3+ 16. Nxf3 cxd4 17. Nxd4 Nxd4 18. Bxd4 Bxd4 19. exd4 Rfd8 20.
Rfd1 Rd7 21. Rd2 e5 22. d5 Rad8 23. Rad1 f5 24. Kf3 Kf7 25. g4 Kf6 26. h3 h5
27. Kg3 e4 28. f4 Rc8 29. gxh5 Rc3+ 30. Kg2 gxh5 31. Re2 Rg7+ 32. Kh2 Rf3 33.
d6 Rd7 34. Rc2 Rxf4 35. Rc7 Ke6 36. Rxd7 Kxd7 37. Kg3 Rf3+ 38. Kh4 Rd3 39. Rf1
Ke6 40. Kxh5 Rxh3+ 41. Kg5 Rg3+ 42. Kh4 Rg7 43. Kh5 Rd7 44. Kg5 Rxd6 0-1

[Event "ODEM U25B 2012"]
[Site "Oberhof GER"]
[Date "2012.05.29"]
[Round "5"]
[White "Herrmann, Heribert"]
[Black "Hölzer, Jeanette"]
[Result "1-0"]
[Termination "normal"]
[Board "5"]
[WhiteElo "1534"]
[BlackElo "1376"]
[PlyCount "137"]
[WhiteFideId "12971715"]
[BlackFideId "12917982"]
[EventCountry "GER"]
[EventRounds "9"]
[EventType "swiss"]
[EventDate "2012.05.26"]

1. c4 e5 2. g3 Nc6 3. Bg2 d6 4. Nc3 Be6 5. d3 Qd7 6. e4 Nge7 7. h3 h5 8. f4 f5
9. Nf3 Ng6 10. Ng5 Bg8 11. exf5 Qxf5 12. Be4 Qf6 13. Qf3 Nd4 14. Qg2 c6 15. Be3
O-O-O 16. O-O-O Ne7 17. Rhf1 d5 18. fxe5 Qxe5 19. Bf4 Qf6 20. cxd5 Nxd5 21.
Bxd5 Bxd5 22. Nxd5 Rxd5 23. Ne4 Qe7 24. Nc3 Qc5 25. Kb1 Rd7 26. Be3 Qb4 27. Rf4
Bc5 28. Qf2 Rhd8 29. Ne2 Bb6 30. b3 c5 31. Kb2 Qb5 32. Bxd4 cxd4 33. Rf5 Rd5
34. Rc1+ Kb8 35. Qf4+ Ka8 36. Nxd4 Bxd4+ 37. Qxd4 Rxd4 38. Rxb5 Rxd3 39. Rg5 h4
40. Rxg7 Rxg3 41. Rcc7 Rxg7 42. Rxg7 Rh8 43. Kc3 a6 44. Rg4 Rh5 45. Kd4 Ka7 46.
Ke4 Kb6 47. Kf4 Ra5 48. a4 Rh5 49. Rg5 Rxg5 50. Kxg5 Ka5 51. Kxh4 Kb4 52. Kg4
Kxb3 53. h4 Kxa4 54. h5 b5 55. h6 b4 56. h7 b3 57. h8=Q Ka3 58. Qa1+ Kb4 59.
Qxa6 b2 60. Qb6+ Ka3 61. Kf3 Ka2 62. Qa5+ Kb1 63. Ke3 Kc2 64. Qa2 Kc1 65. Qc4+
Kb1 66. Kd3 Ka1 67. Qa4+ Kb1 68. Kc3 Kc1 69. Qc2# 1-0

[Event "ODEM U25B 2012"]
[Site "Oberhof GER"]
[Date "2012.05.29"]
[Round "5"]
[White "Eggert, André"]
[Black "Siegl, Adrian"]
[Result "1/2-1/2"]
[Termination "normal"]
[Board "6"]
[WhiteElo "1517"]
[BlackElo "1712"]
[PlyCount "46"]
[WhiteFideId "1270464"]
[BlackFideId "12930156"]
[EventCountry "GER"]
[EventRounds "9"]
[EventType "swiss"]
[EventDate "2012.05.26"]

1. c4 c5 2. Nc3 Nc6 3. g3 g6 4. Bg2 Bg7 5. Nf3 Nf6 6. O-O O-O 7. d4 cxd4 8.
Nxd4 e6 9. Bg5 Re8 10. Nxc6 bxc6 11. Ne4 d5 12. cxd5 cxd5 13. Nxf6+ Bxf6 14.
Bxf6 Qxf6 15. b3 Ba6 16. Qd2 Rec8 17. Rfc1 Qd8 18. e3 Rxc1+ 19. Rxc1 Rc8 20.
Bf1 Bxf1 21. Kxf1 Rxc1+ 22. Qxc1 Qa5 23. Qc2 h5 1/2-1/2

[Event "ODEM U25B 2012"]
[Site "Oberhof GER"]
[Date "2012.05.29"]
[Round "5"]
[White "Denkert, Robert"]
[Black "Focke, Adrian"]
[Result "1-0"]
[Termination "normal"]
[Board "7"]
[WhiteElo "1491"]
[BlackElo "1312"]
[PlyCount "31"]
[WhiteFideId "12957216"]
[BlackFideId "12969869"]
[EventCountry "GER"]
[EventRounds "9"]
[EventType "swiss"]
[EventDate "2012.05.26"]

1. e4 e5 2. Nf3 Nc6 3. Bc4 Bc5 4. c3 Nf6 5. d3 O-O 6. O-O h6 7. a4 a6 8. h3 d6
9. Re1 Re8 10. Nbd2 Bd7 11. Nf1 Rb8 12. Ng3 Qc8 13. Nh4 Ne7 14. Qf3 g5 15. Qxf6
Be6 16. Nh5 1-0

[Event "ODEM U25B 2012"]
[Site "Oberhof GER"]
[Date "2012.05.29"]
[Round "5"]
[White "Hageresch, Leon"]
[Black "Gast, Benedikt"]
[Result "1/2-1/2"]
[Termination "normal"]
[Board "8"]
[WhiteElo "1371"]
[BlackElo "1860"]
[PlyCount "41"]
[WhiteFideId "12933899"]
[BlackFideId "12937967"]
[EventCountry "GER"]
[EventRounds "9"]
[EventType "swiss"]
[EventDate "2012.05.26"]

1. d4 Nf6 2. Nf3 g6 3. c4 Bg7 4. Nc3 O-O 5. e4 d6 6. Be3 Nbd7 7. Be2 e5 8. d5
Re8 9. Qd2 Nh5 10. Ng1 Nhf6 11. g4 Nb6 12. g5 Nfd7 13. h4 a5 14. Nf3 Nc5 15.
Bxc5 dxc5 16. Qe3 Qe7 17. Nd2 Nd7 18. Nb5 Nb8 19. Nb3 b6 20. Rd1 Ba6 21. Nc3
1/2-1/2

[Event "ODEM U25B 2012"]
[Site "Oberhof GER"]
[Date "2012.05.29"]
[Round "5"]
[White "Pixa, Ulrich"]
[Black "Koll, Lukas"]
[Result "1-0"]
[Termination "normal"]
[Board "9"]
[WhiteElo "1501"]
[BlackElo "1282"]
[PlyCount "57"]
[WhiteFideId "4697723"]
[BlackFideId "12969737"]
[EventCountry "GER"]
[EventRounds "9"]
[EventType "swiss"]
[EventDate "2012.05.26"]

1. e4 e6 2. d4 d5 3. exd5 exd5 4. Bd3 Bd6 5. Nf3 Nf6 6. Be3 c6 7. c3 Be6 8. O-O
Nbd7 9. Qc2 Qc7 10. Nbd2 Nb6 11. Rfe1 O-O-O 12. a4 Qb8 13. b4 h6 14. c4 dxc4
15. Nxc4 Nxc4 16. Bxc4 Bxc4 17. Qxc4 Qc7 18. Rec1 Ng4 19. h3 Nxe3 20. fxe3 Rde8
21. Qc3 g5 22. b5 cxb5 23. Qb2 Rxe3 24. Rxc7+ Bxc7 25. Qxb5 Rf8 26. Rc1 Re7 27.
d5 Rd8 28. Qc5 Red7 29. Ne5 1-0

[Event "ODEM U25B 2012"]
[Site "Oberhof GER"]
[Date "2012.05.29"]
[Round "5"]
[White "Silber, Kevin"]
[Black "Petersen, Marcel"]
[Result "0-1"]
[Termination "normal"]
[Board "10"]
[WhiteElo "1196"]
[BlackElo "1582"]
[PlyCount "124"]
[WhiteFideId "12930440"]
[BlackFideId "12935670"]
[EventCountry "GER"]
[EventRounds "9"]
[EventType "swiss"]
[EventDate "2012.05.26"]

1. e4 e5 2. Nf3 Nc6 3. d4 exd4 4. Nxd4 Bc5 5. Be3 Qf6 6. c3 Nge7 7. Bc4 O-O 8.
O-O Bb6 9. Na3 Ne5 10. Be2 d6 11. Qd2 Qg6 12. f4 Bh3 13. Rf2 Bxd4 14. cxd4 Ng4
15. f5 Qh5 16. gxh3 Qxh3 17. Bxg4 Qxg4+ 18. Rg2 Qxe4 19. f6 Ng6 20. fxg7 Rfe8
21. Bh6 Nh4 22. Rg3 Nf3+ 23. Rxf3 Qxf3 24. Qg2 Qd3 25. Kh1 Re4 26. Rf1 Qxd4 27.
Qf3 Qd5 28. Kg1 Rae8 29. Nb5 R8e7 30. Nc3 Qd4+ 31. Kh1 Re1 32. Bg5 Rxf1+ 33.
Qxf1 Re6 34. Qg1 Qxg1+ 35. Kxg1 Rg6 36. h4 h6 37. Nd5 hxg5 38. Ne7+ Kxg7 39.
Nxg6 Kxg6 40. hxg5 Kxg5 41. Kf2 Kf4 42. Ke2 f5 43. b4 Kg3 44. Kf1 f4 45. a3 d5
46. a4 d4 47. b5 b6 48. Kg1 d3 49. Kf1 f3 50. Ke1 Kg2 51. Kd2 f2 52. Kxd3 f1=Q+
53. Kd4 Qa1+ 54. Kd5 Qxa4 55. Kc6 Qb4 56. Kxc7 Qxb5 57. Kb7 Kf3 58. Kxa7 Ke4
59. Kb7 Kd5 60. Kc7 Qc6+ 61. Kd8 Qb7 62. Ke8 Ke6 0-1

[Event "ODEM U25B 2012"]
[Site "Oberhof GER"]
[Date "2012.05.29"]
[Round "5"]
[White "Arns, Alexander"]
[Black "Giede, Anna-Blume"]
[Result "1-0"]
[Termination "normal"]
[Board "11"]
[WhiteElo "1452"]
[BlackElo "1250"]
[PlyCount "59"]
[WhiteFideId "12944009"]
[BlackFideId "12921980"]
[EventCountry "GER"]
[EventRounds "9"]
[EventType "swiss"]
[EventDate "2012.05.26"]

1. c4 e5 2. d3 Nc6 3. g3 Bb4+ 4. Bd2 Bxd2+ 5. Qxd2 d5 6. Bg2 dxc4 7. dxc4 Qxd2+
8. Nxd2 Nf6 9. Ngf3 O-O 10. O-O Bg4 11. Rfe1 Rad8 12. Nf1 h6 13. Ne3 Be6 14.
Red1 Nh5 15. b3 f6 16. Nh4 Kh7 17. Be4+ Kg8 18. Nef5 Bf7 19. e3 g5 20. Nxh6+
Kg7 21. N4f5+ Kh8 22. Rxd8 Rxd8 23. Nxf7+ Kg8 24. Nxd8 Nxd8 25. g4 Ng7 26. Nxg7
Kxg7 27. Rd1 Nc6 28. Bxc6 bxc6 29. Rd7+ Kg6 30. Rxc7 1-0

[Event "ODEM U25B 2012"]
[Site "Oberhof GER"]
[Date "2012.05.29"]
[Round "5"]
[White "Bachmann, Jonas"]
[Black "Sherif, Malik"]
[Result "1/2-1/2"]
[Termination "normal"]
[Board "12"]
[WhiteElo "1426"]
[BlackElo "1217"]
[PlyCount "62"]
[WhiteFideId "12922919"]
[BlackFideId "12911755"]
[EventCountry "GER"]
[EventRounds "9"]
[EventType "swiss"]
[EventDate "2012.05.26"]

1. e4 e5 2. Nf3 Nc6 3. d4 exd4 4. Bc4 Bc5 5. c3 Nf6 6. cxd4 Bb4+ 7. Bd2 Bxd2+
8. Nbxd2 d5 9. exd5 Nxd5 10. Qb3 Na5 11. Qa4+ Nc6 12. Ne5 Qd6 13. O-O O-O 14.
Ne4 Qb4 15. Qxb4 Ndxb4 16. Rfd1 Nc2 17. Nxc6 Nxa1 18. Ne7+ Kh8 19. Rxa1 Re8 20.
Nxc8 Rxe4 21. Bd5 Rxd4 22. Bxb7 Rb8 23. Re1 Rd8 24. Ba6 Rxb2 25. Nxa7 Rxa2 26.
Nc6 Rf8 27. Bc4 Rc2 28. Na5 g6 29. g3 Ra8 30. Re5 Rxa5 31. Rxa5 Rxc4 1/2-1/2

[Event "ODEM U25B 2012"]
[Site "Oberhof GER"]
[Date "2012.05.29"]
[Round "5"]
[White "Riedel, Erich"]
[Black "Hoppe, Michael"]
[Result "1/2-1/2"]
[Termination "normal"]
[Board "13"]
[WhiteElo "1276"]
[BlackElo "1426"]
[PlyCount "46"]
[WhiteFideId "12958646"]
[BlackFideId "12928747"]
[EventCountry "GER"]
[EventRounds "9"]
[EventType "swiss"]
[EventDate "2012.05.26"]

1. c4 e5 2. Nc3 Nf6 3. g3 Bc5 4. Bg2 c6 5. e4 d6 6. Nge2 Be6 7. d3 d5 8. b3
dxc4 9. dxc4 Qxd1+ 10. Nxd1 O-O 11. Bb2 Bb4+ 12. Ndc3 c5 13. O-O Nc6 14. Nd5
Bxd5 15. exd5 Nd4 16. Nxd4 cxd4 17. Rad1 Nd7 18. Bh3 Rad8 19. f4 f6 20. a3 Bd6
21. fxe5 fxe5 22. Rxf8+ Nxf8 23. b4 b6 1/2-1/2

[Event "ODEM U25B 2012"]
[Site "Oberhof GER"]
[Date "2012.05.29"]
[Round "5"]
[White "Gast, Antonia"]
[Black "Suvorov, Alexander"]
[Result "0-1"]
[Termination "normal"]
[Board "14"]
[WhiteElo "1395"]
[BlackElo "1223"]
[PlyCount "116"]
[WhiteFideId "12929336"]
[BlackFideId "12977063"]
[EventCountry "GER"]
[EventRounds "9"]
[EventType "swiss"]
[EventDate "2012.05.26"]

1. c4 e6 2. b3 d5 3. Bb2 Nf6 4. e3 Be7 5. Nf3 O-O 6. Be2 b6 7. O-O Bb7 8. d4
Nbd7 9. Nbd2 dxc4 10. Nxc4 Ne4 11. Nce5 Nxe5 12. Nxe5 Bb4 13. a3 Be7 14. Rc1 a6
15. Bf3 f6 16. Nc6 Bxc6 17. Rxc6 Ng5 18. Qe2 Nxf3+ 19. Qxf3 Bd6 20. Rd1 e5 21.
dxe5 fxe5 22. Qd5+ Kh8 23. Rcc1 Qe7 24. a4 Rad8 25. Qe4 Qf7 26. Qc2 Qh5 27. Rf1
e4 28. h3 Rde8 29. Qd1 Rf3 30. Rc4 Rxh3 31. Qxh5 Rxh5 32. g3 Rf5 33. Kg2 b5 34.
axb5 axb5 35. Rd4 Rc5 36. Ba3 Rc3 37. Bxd6 cxd6 38. Rb1 Re6 39. b4 Kg8 40. Rd5
Re5 41. Rxd6 Kf7 42. Rd4 Ke6 43. Rbd1 Rb3 44. g4 Rd3 45. R1xd3 exd3 46. Kf3 Rd5
47. Rxd5 Kxd5 48. e4+ Kd4 49. e5 Kxe5 50. Ke3 d2 51. f4+ Kd5 52. Kxd2 Kc4 53.
Kc2 Kxb4 54. Kb2 Kc4 55. f5 h6 56. Kc2 b4 57. Kb2 b3 58. Kb1 Kd4 0-1

[Event "ODEM U25B 2012"]
[Site "Oberhof GER"]
[Date "2012.05.29"]
[Round "5"]
[White "Greßmann, Hanna"]
[Black "Moos, Daniel"]
[Result "1-0"]
[Termination "normal"]
[Board "15"]
[WhiteElo "1393"]
[BlackElo "1173"]
[PlyCount "45"]
[WhiteFideId "12930709"]
[EventCountry "GER"]
[EventRounds "9"]
[EventType "swiss"]
[EventDate "2012.05.26"]

1. d4 Nf6 2. Nd2 d5 3. Ngf3 e6 4. e3 c5 5. c3 Nc6 6. Bd3 b6 7. O-O Bb7 8. e4
Be7 9. e5 Nd7 10. Re1 g6 11. Nf1 O-O 12. Ne3 cxd4 13. cxd4 Ndb8 14. a3 Na6 15.
Qa4 Nc7 16. Ng4 a6 17. Bh6 Re8 18. Qc2 b5 19. Qd2 f5 20. exf6 Bxf6 21. Qf4 Bh8
22. Bg5 Qc8 23. Nh6+ 1-0

[Event "ODEM U25B 2012"]
[Site "Oberhof GER"]
[Date "2012.05.29"]
[Round "5"]
[White "Thumm, Niklas"]
[Black "Schramm, Anna-Lena"]
[Result "0-1"]
[Termination "normal"]
[Board "16"]
[WhiteElo "1183"]
[BlackElo "1359"]
[PlyCount "32"]
[WhiteFideId "12918733"]
[BlackFideId "12918237"]
[EventCountry "GER"]
[EventRounds "9"]
[EventType "swiss"]
[EventDate "2012.05.26"]

1. e4 e5 2. Nf3 Nc6 3. Bc4 Nf6 4. Ng5 d5 5. exd5 Na5 6. Bb5+ c6 7. dxc6 bxc6 8.
Ba4 h6 9. Nf3 e4 10. Ne5 Bd6 11. Nxc6 Qb6 12. Nxa5+ Kf8 13. Nc4 Qd4 14. Nxd6
Ng4 15. O-O Qxd6 16. Nc3 Qxh2# 0-1

[Event "ODEM U25B 2012"]
[Site "Oberhof GER"]
[Date "2012.05.29"]
[Round "5"]
[White "Friedrich, Robert"]
[Black "Dopmann, Sina"]
[Result "0-1"]
[Termination "normal"]
[Board "17"]
[WhiteElo "1350"]
[BlackElo "1158"]
[PlyCount "104"]
[WhiteFideId "1271541"]
[EventCountry "GER"]
[EventRounds "9"]
[EventType "swiss"]
[EventDate "2012.05.26"]

1. e4 e5 2. Nf3 d6 3. Bc4 Be7 4. c3 Nd7 5. d4 Ngf6 6. Nbd2 O-O 7. O-O c6 8. Re1
Qc7 9. Bb3 b5 10. Nf1 a5 11. a3 Bb7 12. Ng3 a4 13. Ba2 c5 14. Nf5 Rfe8 15. Ng5
c4 16. d5 h6 17. Nh3 Kh7 18. f4 Bf8 19. Bb1 g6 20. fxe5 Rxe5 21. Ng3 Nc5 22.
Qf3 Bg7 23. Bd2 Nb3 24. Bf4 Nxa1 25. Bxe5 dxe5 26. Rd1 Qc5+ 27. Kh1 Nb3 28. Nf2
h5 29. Nf1 Rd8 30. Nh3 Kh6 31. Qg3 Ng4 32. Nd2 Nxd2 33. Rxd2 Qe3 34. Qxe3+ Nxe3
35. Rf2 f6 36. Ng1 Ng4 37. Re2 Kh7 38. h3 Nh6 39. Rd2 f5 40. Nf3 fxe4 41. Bxe4
Nf5 42. Ng5+ Kg8 43. Ne6 Rd6 44. Kg1 Bh6 45. Rd1 Ne3 46. Re1 Nxd5 47. Rd1 Rxe6
48. Bxd5 Bxd5 49. Rxd5 e4 50. Rxb5 e3 51. Kf1 e2+ 52. Ke1 Bd2+ 0-1

[Event "ODEM U25B 2012"]
[Site "Oberhof GER"]
[Date "2012.05.29"]
[Round "5"]
[White "Neumann, Tiemon"]
[Black "Zyla, Lennert"]
[Result "1/2-1/2"]
[Termination "normal"]
[Board "18"]
[WhiteElo "1750"]
[BlackElo "1048"]
[PlyCount "66"]
[WhiteFideId "12925462"]
[BlackFideId "12981567"]
[EventCountry "GER"]
[EventRounds "9"]
[EventType "swiss"]
[EventDate "2012.05.26"]

1. e4 Nc6 2. Nc3 d6 3. Nf3 Bg4 4. Be2 Nf6 5. d4 e6 6. Bg5 Be7 7. h3 Bh5 8. O-O
O-O 9. Qd2 Bg6 10. Bd3 Bh5 11. Be2 Qd7 12. Rad1 Rad8 13. Nh4 Bxe2 14. Qxe2 h6
15. Bxf6 Bxf6 16. Nf3 Qe7 17. Rfe1 Rfe8 18. a3 Bg5 19. Nxg5 Qxg5 20. Qf3 a6 21.
Qe3 Qe7 22. Qg3 Na5 23. Qd3 b5 24. Nxb5 axb5 25. Qxb5 Ra8 26. b4 Reb8 27. Qd3
Nc6 28. d5 Ne5 29. Qc3 Rb7 30. f4 Nd7 31. dxe6 Qxe6 32. Qc6 Rba7 33. e5 d5
1/2-1/2

[Event "ODEM U25B 2012"]
[Site "Oberhof GER"]
[Date "2012.05.29"]
[Round "5"]
[White "Granzin, David"]
[Black "Karge, Ole Jannes"]
[Result "1-0"]
[Termination "normal"]
[Board "19"]
[WhiteElo "1289"]
[BlackElo "1090"]
[PlyCount "75"]
[WhiteFideId "12922145"]
[BlackFideId "12957267"]
[EventCountry "GER"]
[EventRounds "9"]
[EventType "swiss"]
[EventDate "2012.05.26"]

1. e4 c5 2. Nc3 a6 3. f4 b5 4. Nf3 b4 5. Ne2 e6 6. d4 c4 7. Ng3 d5 8. e5 f6 9.
Be2 Nc6 10. O-O Nge7 11. Rb1 Ng6 12. c3 f5 13. cxb4 Bxb4 14. a3 Ba5 15. Bd2 O-O
16. Ng5 h6 17. Nf3 Qb6 18. Be3 Rb8 19. Qc2 Rf7 20. Rfc1 Qb5 21. b3 cxb3 22.
Qxc6 Qxe2 23. Nxe2 Ne7 24. Qa4 b2 25. Rc2 Bd8 26. Rcxb2 Rxb2 27. Rxb2 Ng6 28.
Rb8 Bd7 29. Rxd8+ Kh7 30. Rxd7 Rf8 31. Qxa6 Rg8 32. Qxe6 Nf8 33. Qxf5+ Kh8 34.
Rf7 Nh7 35. Nh4 Re8 36. Ng6+ Kg8 37. Qd7 Nf8 38. Rxg7# 1-0

[Event "ODEM U25B 2012"]
[Site "Oberhof GER"]
[Date "2012.05.29"]
[Round "5"]
[White "Bossert, Felix"]
[Black "Vuckovic, Robert"]
[Result "1-0"]
[Termination "normal"]
[Board "20"]
[WhiteElo "1284"]
[BlackElo "1081"]
[PlyCount "85"]
[WhiteFideId "12960977"]
[BlackFideId "12998680"]
[EventCountry "GER"]
[EventRounds "9"]
[EventType "swiss"]
[EventDate "2012.05.26"]

1. d4 e6 2. c4 d5 3. Nf3 c5 4. g3 Nc6 5. Bg2 Qb6 6. e3 Nge7 7. Nc3 Bd7 8. O-O
Rd8 9. Na4 Qa6 10. Nxc5 Qxc4 11. Nxb7 Nf5 12. Nxd8 Nxd8 13. Ne5 Qc7 14. Nxd7
Qxd7 15. Qb3 Bd6 16. Bd2 O-O 17. Bb4 Bxb4 18. Qxb4 Nc6 19. Qc3 a5 20. Rfb1 Qb7
21. a3 Qb6 22. b4 a4 23. Qc5 Qa6 24. Bf1 Qa8 25. b5 Na5 26. Ra2 Nb3 27. Qb4 g6
28. Bd3 Ng7 29. Bc2 Rb8 30. Bxb3 Ne8 31. Bxa4 Nc7 32. Rc1 Na6 33. Qa5 Rc8 34.
Rxc8+ Qxc8 35. Rc2 Qb7 36. Qxa6 Qe7 37. b6 Qxa3 38. b7 Qb4 39. Rc8+ Kg7 40.
b8=Q Qe1+ 41. Qf1 Qa5 42. Qe5+ Kh6 43. Qh3# 1-0

[Event "ODEM U25B 2012"]
[Site "Oberhof GER"]
[Date "2012.05.29"]
[Round "5"]
[White "Koll, Linus"]
[Black "Schier, Lukas"]
[Result "0-1"]
[Termination "normal"]
[Board "21"]
[WhiteElo "1052"]
[BlackElo "1272"]
[PlyCount "132"]
[WhiteFideId "12990299"]
[EventCountry "GER"]
[EventRounds "9"]
[EventType "swiss"]
[EventDate "2012.05.26"]

1. e4 e5 2. Nf3 Nc6 3. Bc4 Bc5 4. Nc3 d6 5. h3 Nf6 6. d3 Be6 7. Bb3 Qd7 8. Be3
Nd4 9. Bxd4 exd4 10. Ne2 Bb4+ 11. Nd2 c5 12. a3 Bxb3 13. axb4 Be6 14. bxc5 dxc5
15. Nf3 b6 16. Ng5 Bg4 17. hxg4 Qxg4 18. Nxh7 Rxh7 19. Rxh7 Nxh7 20. g3 Qf3 21.
Nf4 Qxd1+ 22. Rxd1 Nf6 23. Ra1 Kd7 24. Kd2 a5 25. c3 dxc3+ 26. Kxc3 Rh8 27. Kd2
Rh2 28. Ke2 g5 29. Nd5 Nxd5 30. exd5 Kd6 31. Ra3 Kxd5 32. Rb3 Kc6 33. Rc3 Kb5
34. Rc1 Kb4 35. Rc3 f5 36. Kf3 g4+ 37. Ke2 f4 38. Rc4+ Kb3 39. Rxf4 Kxb2 40.
Rxg4 Kb3 41. d4 cxd4 42. Rxd4 a4 43. g4 a3 44. Rd3+ Kb4 45. Rd4+ Ka5 46. Rd2 b5
47. g5 Rg2 48. Ra2 Ka4 49. Rd2 Rxg5 50. Rd4+ b4 51. Rd8 Rc5 52. Ra8+ Kb3 53. f4
Kb2 54. Rd8 a2 55. Rd2+ Rc2 56. Rxc2+ Kxc2 57. f5 a1=Q 58. f6 Qxf6 59. Ke1 Qe5+
60. Kf1 Qe3 61. Kg2 Qf4 62. Kh1 Qg5 63. Kh2 Kd2 64. Kh3 Ke2 65. Kh2 Kf2 66. Kh3
Qg3# 0-1